| 000 | 00877nmm a2200265 a 4500 | ||
|---|---|---|---|
| 001 | ocm0002015418 | ||
| 003 | TR-IsHL | ||
| 005 | 20201028175518.0 | ||
| 008 | 181029s2016 tu tur | ||
| 007 | cr cn | ||
| 020 | _a9786059148474 | ||
| 035 |
_a2015418 _b(N$T) |
||
| 050 | 0 | 4 |
_aPL314.A34 _bU6 2016 |
| 090 | 0 | 4 |
_aPL314.A34 _bU6 2016 |
| 100 | 1 | _aAbdulla, Kemal | |
| 245 | 1 | 0 |
_aUnutmağa kimse yok... _h[electronic resource] / _cKemal Abdulla |
| 260 |
_aAnkara : _bBengü Yayınları, _c2016 |
||
| 300 | _a296 p. | ||
| 650 | 4 | _aDil ve Edebiyat | |
| 650 | 4 | _aLanguage and Literature | |
| 650 | 0 |
_aAzerbaycan edebiyatı _x Hikaye |
|
| 650 | 0 |
_aAzerbaijan literature _x Stories |
|
| 650 | 7 |
_aLITERARY COLLECTIONS / Russian & Former Soviet Union _2bisacsh |
|
| 856 | 4 | 0 | _uhttp://search.ebscohost.com/login.aspx?direct=true&scope=site&db=e011xww&AN=2015418 |
| 999 |
_c18705 _d18705 |
||